[Event "AUTO-INT-3801"]
[Site "http://www.queenalice.com/game.php?id=1806133"]
[Date "2023.2.15"]
[Round "1"]
[White "Ruusgugg"]
[Black "NeeneNY"]
[Result "0-1"]
[WhiteElo "1458"]
[BlackElo "1529"]

1. b4 e5 2. b5 c6 3. bxc6 dxc6 4. Bb2 Nd7 5. c4 Ngf6 6. Nf3 Bd6 7. d4 O-O 8.
dxe5 Bxe5 9. Qc2 Bxb2 10. Qxb2 b6 11. e3 Ba6 12. Qa3 Bxc4 13. Bxc4 b5 14. Bd3 a6
15. Ng5 Ne5 16. Bc2 Qd7 17. f4 Rfd8 18. O-O Nc4 19. Qb3 Qg4 20. h3 Qh5 21. g4
Qh4 22. Bf5 g6 23. Nf3 Qg3+ 24. Kh1 gxf5 25. gxf5 Qxh3+ 26. Nh2 Ng4 27. Qb2 Nxb2
28. Nc3 Qxh2# 0-1

[Event "AUTO-INT-3801"]
[Site "http://www.queenalice.com/game.php?id=1806134"]
[Date "2023.2.15"]
[Round "1"]
[White "NeeneNY"]
[Black "Ruusgugg"]
[Result "0-1"]
[WhiteElo "1529"]
[BlackElo "1490"]

1. e4 d5 2. Nc3 d4 3. Nd5 c6 4. Nf4 e5 5. Nfe2 b5 6. Nf3 g5 7. Nxe5 Qe7 8. Nd3
Qxe4 9. f3 Qd5 10. Ng3 h5 11. Nb4 Qc5 12. a3 g4 13. Nd3 Qb6 14. f4 h4 15. Ne4 f5
16. Nec5 h3 17. b4 hxg2 18. Bxg2 Nd7 19. Bb2 Bg7 20. Qe2+ Ne7 21. O-O-O a5 22.
Rde1 Bf6 23. Ne5 Nxe5 24. fxe5 Bg7 25. Ne6 Bxe6 26. c3 axb4 27. cxb4 Rc8 28. Qd3
Ng6 29. h3 Nf4 30. Qg3 Nxg2 31. Qxg2 c5 32. d3 Bh6+ 33. Kc2 cxb4+ 34. Kb1 bxa3
35. Bxa3 Rg8 36. Rc1 Rxc1+ 37. Rxc1 Qa5 38. Rc8+ Bxc8 39. Qd5 Qe1+ 40. Kc2 g3
41. Bc5 Qe2+ 42. Kb3 Qxd3+ 43. Kb4 g2 44. Bxd4 Be3 45. Qc6+ Kd8 46. Qd5+ Bd7 47.
Qa8+ Bc8 48. Qd5+ Ke8 49. Qxg8+ Kd7 50. e6+ Kc7 51. e7 Qxd4+ 52. Kxb5 Qc5+ 53.
Ka4 g1=Q 54. e8=Q Qa1+ 55. Kb3 Qcc3# 0-1

[Event "AUTO-INT-3801"]
[Site "http://www.queenalice.com/game.php?id=1806139"]
[Date "2023.2.15"]
[Round "1"]
[White "Carlos19"]
[Black "NeeneNY"]
[Result "0-1"]
[WhiteElo "1559"]
[BlackElo "1542"]

1. e4 e5 2. Nf3 d6 3. Bc4 Be6 4. Bxe6 fxe6 5. Nc3 Nc6 6. d3 Qe7 7. Bg5 Nf6 8.
O-O h6 9. Bxf6 Qxf6 10. Nb5 O-O-O 11. a4 a6 12. Nc3 d5 13. exd5 exd5 14. Ne2 Bc5
15. c3 d4 16. c4 g5 17. h3 e4 18. dxe4 Ne5 19. Nc1 g4 20. Nxe5 Qxe5 21. Qxg4+
Kb8 22. Qf5 Bd6 23. Qxe5 Bxe5 24. Nd3 Bf6 25. e5 Be7 26. f4 Bh4 27. c5 Rhg8 28.
b4 Rg3 29. Rf3 Rxf3 30. gxf3 Rg8+ 31. Kf1 Rg3 32. f5 Rxf3+ 33. Ke2 Rxf5 34. b5
a5 35. b6 c6 36. Rg1 Kc8 37. Rg8+ Kd7 38. Rg7+ Ke6 39. Rxb7 Kd5 40. Rd7+ Ke4 41.
Rc7 Rf3 42. b7 Rxd3 43. b8=Q Rxh3 44. Rh7 d3+ 45. Kd2 Rh2+ 46. Kc3 d2 47. Qb1+
Ke3 48. Qd3+ Kf4 49. Qe3+ Kxe3 50. Kc2 Ke2 51. Rd7 Ke1 52. Rxd2 Rxd2+ 53. Kc3
Rd5 54. Kc4 Rxe5 55. Kd4 Re2 56. Kc4 Bf2 57. Kb3 h5 58. Kc4 h4 59. Kd3 h3 60.
Kc4 h2 61. Kd3 h1=Q 62. Kc4 Qh4+ 63. Kd3 Rd2+ 64. Kc3 Qb4# 0-1

[Event "AUTO-INT-3801"]
[Site "http://www.queenalice.com/game.php?id=1806140"]
[Date "2023.2.15"]
[Round "1"]
[White "NeeneNY"]
[Black "Carlos19"]
[Result "1-0"]
[WhiteElo "1446"]
[BlackElo "1582"]

1. e4 e5 2. Nf3 Nc6 3. Bc4 h6 4. O-O Nf6 5. Nc3 Bc5 6. h3 O-O 7. d3 d6 8. Qe2 a6
9. Be3 b5 10. Bd5 Bb7 11. Bxc5 dxc5 12. Bxc6 Bxc6 13. Nxe5 Qd6 14. Ng4 c4 15.
Rfd1 Qe7 16. dxc4 b4 17. Nd5 Qxe4 18. Qxe4 Rae8 19. Ngxf6+ gxf6 20. Nxf6+ 1-0

[Event "Challenge"]
[Site "http://www.queenalice.com/game.php?id=1806403"]
[Date "2023.2.20"]
[Round "-"]
[White "NeeneNY"]
[Black "Jack_7"]
[Result "0-1"]
[WhiteElo "1559"]
[BlackElo "1036"]

1. e4 e5 2. Nf3 Qf6 3. d3 h6 4. Nc3 Ne7 5. Be2 g5 6. Be3 g4 7. Nd2 c6 8. Bxg4 d5
9. Bxc8 d4 10. Bxb7 dxe3 11. Bxa8 Qxf2# 0-1

[Event "Challenge"]
[Site "http://www.queenalice.com/game.php?id=1806404"]
[Date "2023.2.20"]
[Round "-"]
[White "Jack_7"]
[Black "NeeneNY"]
[Result "0-1"]
[WhiteElo "1026"]
[BlackElo "1519"]

1. e4 e5 2. Nf3 d6 3. Bc4 Be6 4. Na3 Nf6 5. d4 Nxe4 6. Bb5+ Bd7 7. O-O Be7 8.
dxe5 Bxb5 9. Nxb5 dxe5 10. Qxd8+ Kxd8 11. Nxe5 Rf8 12. Rd1+ Kc8 13. Rd7 Nc6 14.
Nxc7 Kb8 15. Bf4 Nxe5 16. Bxe5 Bc5 17. Na6+ Kc8 18. Rc7+ Kd8 19. Rd1+ Nd6 20.
Rxc5 Rc8 21. Rxd6+ Ke7 22. Rc7+ Rxc7 23. Nxc7 Rc8 24. Nd5+ Kf8 25. c3 b5 26. b3
f6 27. Bd4 a5 28. Nb6 Re8 29. Be3 Kf7 30. b4 axb4 31. cxb4 h5 32. h4 Re4 33. Nd5
Rxh4 34. Rb6 f5 35. Bg5 Rd4 0-1

[Event "Challenge"]
[Site "http://www.queenalice.com/game.php?id=1807239"]
[Date "2023.3.4"]
[Round "-"]
[White "cyrano"]
[Black "NeeneNY"]
[Result "0-1"]
[WhiteElo "1471"]
[BlackElo "1511"]

1. e4 e5 2. d3 Nf6 3. f3 Be7 4. a3 O-O 5. g4 d5 6. g5 Nfd7 7. exd5 Bxg5 8. Bxg5
Qxg5 9. Nh3 Qh4+ 10. Nf2 Nf6 11. Qe2 Nbd7 12. Nc3 c6 13. O-O-O cxd5 14. Bh3 Nc5
15. Bxc8 Raxc8 16. Qe3 d4 17. Qxe5 Qxf2 18. Rhf1 Qh4 19. Ne2 Rfe8 20. Qxd4 Qxd4
21. Nxd4 Nd5 22. Rg1 Re3 23. Rgf1 Ne6 24. Nf5 Ng5 25. Nxe3 Nxe3 26. h4 Nxf1 27.
Rxf1 Ne6 28. f4 Nd4 29. c3 Nf5 30. h5 b5 31. Re1 g6 32. Re5 a6 33. Kd2 Kg7 34.
Re1 Ng3 35. hxg6 Kxg6 36. Re5 f6 37. Re6 Kf5 38. Rxa6 Rb8 39. Ra7 h5 40. Ke3 h4
41. Rh7 Re8+ 42. Kf2 Kg4 43. Rg7+ Kxf4 44. Kg2 Re2+ 45. Kh3 Nf5 46. Rg6 Rxb2 47.
Rxf6 Rb3 48. d4 Rxc3+ 49. Kg2 Rxa3 50. d5 h3+ 51. Kh2 Kg4 52. d6 Rd3 53. Rg6+
Kh5 54. Re6 Nxd6 55. Re5+ Kg4 56. Re6 Rd2+ 57. Kg1 h2+ 58. Kh1 Kg3 59. Rg6+ Kh3
60. Rxd6 Rf2 61. Rb6 Rf1# 0-1

[Event "AUTO-INT-3808"]
[Site "http://www.queenalice.com/game.php?id=1808339"]
[Date "2023.3.21"]
[Round "1"]
[White "Equiferus"]
[Black "NeeneNY"]
[Result "1-0"]
[WhiteElo "1713"]
[BlackElo "1490"]

1. d4 d5 2. Nf3 Nf6 3. e3 e6 4. Bd3 h6 5. O-O Ne4 6. b3 Bd6 7. c4 c5 8. dxc5
Bxc5 9. Bb2 O-O 10. Ne5 Nc6 11. cxd5 Qxd5 12. Nxc6 bxc6 13. Qe2 e5 14. Nc3 Nxc3
15. Bxc3 a6 16. Bc4 Qd6 17. Rad1 Qf6 18. Qh5 Ra7 19. Bxe5 Qg6 20. Qf3 Bf5 21.
Qxc6 Qxc6 22. Rd2 Re7 23. Bg3 Bc8 24. Bd5 Qd6 25. e4 Qg6 26. Rc2 Rc7 27. Bxc7
Be6 28. Rxc5 Rc8 29. Bb7 Re8 30. e5 f5 31. Bxa6 f4 32. Bb7 Bf5 33. Kh1 Be6 34.
Bd6 Qd3 35. Rfc1 Qd2 36. R5c2 Qd4 37. f3 Bf5 38. Rc4 Qe3 39. R4c3 Qe2 40. a4 g5
41. Bd5+ Be6 42. Bxe6+ Rxe6 43. R3c2 Qe3 44. b4 Kg7 45. a5 h5 46. Bc5 Qd3 47.
Bd6 g4 48. Rc3 Qf5 49. a6 gxf3 50. Rxf3 Re8 51. a7 Ra8 52. Bb8 Kg6 53. g3 Qe4
54. Rf1 Kg5 55. gxf4+ Kf5 56. b5 Kg4 57. h3+ Kh4 58. f5 Qb4 59. Rf4+ Qxf4 60.
Rxf4+ Kxh3 61. f6 h4 62. f7 Kg3 63. f8=Q h3 64. Rf7 h2 65. Qg8+ Kh3 66. Rh7# 1-0

[Event "AUTO-INT-3808"]
[Site "http://www.queenalice.com/game.php?id=1808340"]
[Date "2023.3.21"]
[Round "1"]
[White "NeeneNY"]
[Black "Equiferus"]
[Result "0-1"]
[WhiteElo "1526"]
[BlackElo "1753"]

1. e4 d5 2. d3 dxe4 3. dxe4 Qxd1+ 4. Kxd1 e5 5. Nf3 Bg4 6. Be2 Nc6 7. h3 Bxf3 8.
Bxf3 O-O-O+ 9. Bd2 Nd4 10. Bg4+ f5 11. exf5 Kb8 12. c3 Nc6 13. f4 e4 14. Na3 Nf6
15. Nc4 Nxg4 16. hxg4 b5 17. Ne5 Nxe5 18. fxe5 e3 19. Ke2 Rxd2+ 20. Kxe3 Rxg2
21. Kf3 Rxb2 22. Rhd1 Be7 23. Rd7 Re8 24. a4 h6 25. Ke4 Kc8 26. e6 Bc5 27. Kf4
Bd6+ 28. Ke4 b4 29. Kd4 Rd2+ 30. Kc4 a5 31. cxb4 axb4 32. a5 Kb7 33. Kb5 b3 34.
a6+ Ka7 35. Rxg7 Be5 36. Ra3 Bxg7 37. Rxb3 Rb8+ 38. Kc4 Rxb3 39. Kxb3 Bf6 40.
Kb4 Kxa6 41. Kc5 Rc2+ 42. Kd5 Kb6 43. e7 Bxe7 44. Ke6 Re2+ 45. Kf7 c5 46. f6
Bxf6 47. Kxf6 c4 48. Kg6 c3 49. Kxh6 c2 50. g5 c1=Q 51. Kh5 Rg2 52. g6 Qg5# 0-1

[Event "AUTO-INT-3808"]
[Site "http://www.queenalice.com/game.php?id=1808351"]
[Date "2023.3.21"]
[Round "1"]
[White "altair"]
[Black "NeeneNY"]
[Result "1-0"]
[WhiteElo "1706"]
[BlackElo "1521"]

1. e4 e5 2. Nf3 d6 3. h3 Nf6 4. d3 Be7 5. Nc3 O-O 6. Be2 Nbd7 7. O-O c6 8. a3
Nc5 9. b4 Ne6 10. b5 Bd7 11. bxc6 Bxc6 12. Na2 d5 13. Nxe5 dxe4 14. dxe4 Bxe4
15. f3 Bc5+ 16. Kh1 Bd5 17. Nc3 Nd4 18. Bg5 h6 19. Bxf6 Qxf6 20. Nd7 Qc6 21.
Nxf8 Bxf8 22. Qxd4 Rd8 23. Rfd1 Qg6 24. Nxd5 Qxc2 25. Bd3 Qb3 26. Nf6+ gxf6 27.
Qxd8 Qc3 28. Rac1 Qe5 29. Rc8 Kg7 30. Qxf8# 1-0

[Event "AUTO-INT-3808"]
[Site "http://www.queenalice.com/game.php?id=1808352"]
[Date "2023.3.21"]
[Round "1"]
[White "NeeneNY"]
[Black "altair"]
[Result "0-1"]
[WhiteElo "1512"]
[BlackElo "1715"]

1. e4 e5 2. Nf3 d6 3. Bc4 h6 4. O-O Nf6 5. d3 a5 6. a4 Bd7 7. b3 c6 8. Bd2 b5 9.
axb5 cxb5 10. Bd5 Nxd5 11. exd5 Be7 12. Nc3 b4 13. Ne4 O-O 14. c3 Na6 15. cxb4
axb4 16. Qe1 f5 17. Bxb4 fxe4 18. dxe4 Bb5 19. Ba5 Qc8 20. Nd2 Bxf1 21. Nxf1 Nc5
22. b4 Nb3 23. Ra3 Nxa5 24. bxa5 Qc5 25. Ne3 Qxa3 26. Nf5 Rfe8 27. g3 Qxa5 28.
Qe2 Qb4 29. Nxe7+ Rxe7 30. Qg4 Rf7 31. f4 Qd2 32. h4 Ra1+ 0-1

[Event "AUTO-INT-3808"]
[Site "http://www.queenalice.com/game.php?id=1808357"]
[Date "2023.3.21"]
[Round "1"]
[White "Castling"]
[Black "NeeneNY"]
[Result "1-0"]
[WhiteElo "1601"]
[BlackElo "1483"]

1. e4 e5 2. Bc4 Qe7 3. Qf3 f6 4. Bxg8 Rxg8 5. Nc3 c6 6. d3 b6 7. Nge2 Ba6 8. Bd2
d5 9. O-O d4 10. Na4 Bb5 11. b3 Nd7 12. Qh5+ g6 13. Qf3 O-O-O 14. Qh3 Ba6 15.
Nb2 b5 16. b4 c5 17. a3 h6 18. g3 f5 19. Bxh6 c4 20. f4 c3 21. Nd1 Rh8 22. Bg5
Rxh3 23. Bxe7 Bxe7 24. Nf2 Rh5 25. h4 Rdh8 26. Kg2 g5 27. fxg5 Bxg5 28. hxg5
Rxg5 29. Nh3 Rgh5 30. Rh1 Bb7 31. Nf2 Nf6 32. Rxh5 Rxh5 33. Rh1 fxe4 34. Rxh5
e3+ 35. Ne4 Nxh5 36. Kf3 Nf6 37. g4 Bd5 38. Ng3 Nxe4 39. Nxe4 Ba2 40. Nd6+ Kc7
41. Nxb5+ Kb6 42. a4 Bb1 43. Na3 Ba2 44. g5 a5 45. bxa5+ Kxa5 46. Nc4+ Kxa4 47.
g6 Bb1 48. g7 Bxc2 49. g8=Q Bxd3 50. Nxe5 Bb1 51. Qc4+ Ka3 52. Qxd4 c2 53. Nc4+
Kb3 54. Na5+ Ka2 55. Qxe3 Kb2 56. Nc4+ Ka2 57. Qa3# 1-0

[Event "AUTO-INT-3808"]
[Site "http://www.queenalice.com/game.php?id=1808358"]
[Date "2023.3.21"]
[Round "1"]
[White "NeeneNY"]
[Black "Castling"]
[Result "0-1"]
[WhiteElo "1504"]
[BlackElo "1554"]

1. e4 e5 2. Nf3 d6 3. Bc4 h6 4. O-O Nf6 5. d3 Bg4 6. b4 Nc6 7. c3 Qe7 8. Nbd2
O-O-O 9. Qb3 Be6 10. b5 Na5 11. Qa4 b6 12. Nb3 Kb7 13. Nxa5+ bxa5 14. Qxa5 Bxc4
15. dxc4 c5 16. Qa6+ Ka8 17. b6 Nxe4 18. Rb1 Rb8 19. a4 Nxc3 20. Rb2 Ne2+ 21.
Rxe2 Rxb6 22. Qc8+ Rb8 23. Qc6+ Qb7 24. Qxb7+ Rxb7 25. Rb2 Be7 26. Rd1 Rxb2 27.
Bxb2 Rb8 28. Bc3 f5 29. Nd2 Bg5 30. Nb3 Rxb3 31. Ba5 Ra3 32. Bc7 Rxa4 33. Bxd6
Rxc4 34. Bxe5 Bf6 35. Bd6 Bd4 36. h4 a5 37. Bf8 a4 38. Rd2 a3 39. Ra2 Bb2 40. g3
Rc1+ 41. Kg2 g5 42. Bxh6 Ra1 43. Rxa1 Bxa1 44. Bxg5 Bg7 45. h5 a2 46. Be7 a1=Q
47. Bxc5 Bd4 48. Bf8 Qe1 49. f4 Qg1+ 50. Kf3 Qf2# 0-1

[Event "AUTO-INT-3801"]
[Site "http://www.queenalice.com/game.php?id=1815808"]
[Date "2023.7.7"]
[Round "2"]
[White "Equiferus"]
[Black "NeeneNY"]
[Result "1-0"]
[WhiteElo "1836"]
[BlackElo "1549"]

1. d4 d5 2. Nf3 Nf6 3. e3 Nc6 4. Be2 e6 5. O-O Bd6 6. b3 O-O 7. Bb2 a6 8. c4 b5
9. Nbd2 bxc4 10. bxc4 a5 11. c5 Be7 12. a3 a4 13. Bb5 Nb8 14. Bxa4 Nbd7 15. c6
Nb6 16. Bb5 Ba6 17. Bxa6 Rxa6 18. Ne5 Nc4 19. Ndxc4 dxc4 20. Nxc4 Rxc6 21. Ne5
Rb6 22. Bc3 Bd6 23. Qf3 Rb3 24. Nc6 Qd7 25. Bb4 Nd5 26. Qd1 Rb2 27. Ne5 Qb5 28.
Nd3 Rxb4 29. axb4 Nxb4 30. Nxb4 Qxb4 31. Qa4 c5 32. Rfb1 Qc3 33. Qd1 cxd4 34.
Rc1 Qb4 35. Rcb1 Qc5 36. Rc1 Qf5 37. Qxd4 Be5 38. Ra5 f6 39. Qd7 g5 40. Ra6 Rf7
41. Qe8+ Kg7 42. Rac6 g4 43. Qxe6 Qd3 44. Qxg4+ Kf8 45. Qd1 Qf5 46. h3 h5 47.
Qf3 Qxf3 48. gxf3 Rg7+ 49. Kf1 h4 50. Rc8+ Kf7 51. f4 Bd6 52. Rh8 Kg6 53. Rxh4
Rh7 54. Rg4+ Kh6 55. Rc6 Be7 56. Rc7 1-0

[Event "AUTO-INT-3801"]
[Site "http://www.queenalice.com/game.php?id=1815809"]
[Date "2023.7.7"]
[Round "2"]
[White "NeeneNY"]
[Black "Equiferus"]
[Result "0-1"]
[WhiteElo "1526"]
[BlackElo "1719"]

1. e4 d5 2. Nc3 Nf6 3. Nf3 dxe4 4. Nd4 Qxd4 5. Be2 e5 6. O-O Bc5 7. d3 exd3 8.
cxd3 Bg4 9. Nb5 Na6 10. Be3 Qxb2 11. Qa4 O-O 12. Bxg4 Nxg4 13. Qxg4 Bxe3 14.
Nxc7 Nxc7 15. fxe3 b5 16. Qd7 Ne6 17. h4 b4 18. Qd6 a5 19. Rfb1 Qe2 20. Qxe5
Qxd3 21. g4 h6 22. Rd1 Qc4 23. g5 Qg4+ 24. Kf2 Qxh4+ 25. Ke2 Nxg5 26. Kd3 Rfe8
27. Qc5 Qe4+ 28. Ke2 Qf3+ 29. Kd2 Ne4+ 30. Kd3 Nxc5+ 31. Kc4 Qxe3 32. Rd5 Re4+
33. Kb5 Rb8+ 34. Kxa5 Nb7+ 35. Ka6 Re6+ 36. Kb5 Nd6+ 37. Kc6 Nc8+ 38. Kc7 Qa7+
39. Kd8 b3 40. Rd7 Nb6# 0-1

[Event "AUTO-INT-3801"]
[Site "http://www.queenalice.com/game.php?id=1815810"]
[Date "2023.7.7"]
[Round "2"]
[White "askasl159"]
[Black "NeeneNY"]
[Result "0-1"]
[WhiteElo "1629"]
[BlackElo "1472"]

1. e4 e5 2. f4 exf4 3. Nf3 d6 4. Bc4 Be6 5. Bxe6 fxe6 6. d4 d5 7. e5 Nc6 8. a3
Qd7 9. O-O O-O-O 10. Nc3 Nge7 0-1

[Event "Challenge"]
[Site "http://www.queenalice.com/game.php?id=1817383"]
[Date "2023.7.27"]
[Round "-"]
[White "AdilsonGomes"]
[Black "NeeneNY"]
[Result "1-0"]
[WhiteElo "1669"]
[BlackElo "1504"]

1. d4 d5 2. Bf4 Nc6 3. Nf3 Bf5 4. a3 Nf6 5. e3 e6 6. Be2 Be7 7. Ne5 Nxe5 8. Bxe5
Ng4 9. Bxg4 Bxg4 10. Qxg4 O-O 11. Qxg7# 1-0

[Event "Challenge"]
[Site "http://www.queenalice.com/game.php?id=1817384"]
[Date "2023.7.27"]
[Round "-"]
[White "NeeneNY"]
[Black "AdilsonGomes"]
[Result "0-1"]
[WhiteElo "1518"]
[BlackElo "1793"]

1. e4 b6 2. Nf3 Bb7 3. Bd3 e6 4. O-O Be7 5. Nc3 Nc6 6. e5 Nb4 7. Be4 d5 8. Bd3
Nxd3 9. cxd3 h6 10. d4 Ba6 11. Re1 c6 12. b4 Bxb4 13. a3 Ba5 14. d3 Bxc3 15. Ra2
Bxe1 16. Qxe1 Bxd3 17. Rd2 Bb5 18. Bb2 Ne7 19. h4 h5 20. Ng5 Nf5 21. f4 a5 22.
g3 Nh6 23. Kf2 Ng4+ 24. Kg2 Bc4 25. Rc2 f6 26. exf6 Qxf6 27. Nxe6 Kd7 28. Rd2
Rhe8 29. Qe5 Nxe5 30. fxe5 Qf1+ 31. Kh2 Rxe6 32. Rg2 Bd3 33. g4 Be4 34. Kg3
Qxg2+ 35. Kf4 Qf3+ 36. Kg5 Qxg4# 0-1

[Event "AUTO-INT-3846"]
[Site "http://www.queenalice.com/game.php?id=1822836"]
[Date "2023.10.13"]
[Round "1"]
[White "NeeneNY"]
[Black "kuntakinte"]
[Result "0-1"]
[WhiteElo "1544"]
[BlackElo "1776"]

1. e4 e5 2. Nf3 d6 3. Bd3 Bg4 4. O-O Nf6 5. b3 Nbd7 6. Ba3 Be7 7. Be2 O-O 8. h3
Bh5 9. Nc3 Nb6 10. d3 d5 11. Nxe5 Bxa3 12. Nb5 Bd6 13. Nf3 Bg6 14. Nxd6 cxd6 15.
c4 dxe4 16. Nd4 d5 17. c5 Nbd7 18. c6 bxc6 19. Nxc6 Qe8 20. d4 e3 21. Rc1 exf2+
22. Rxf2 Ne4 23. Rf3 Bh5 24. g4 Bg6 25. a4 h6 26. Qc2 Ng3 27. Qd2 Nxe2+ 28. Kf2
Nxc1 29. Qxc1 Be4 30. Re3 Rc8 31. b4 a6 32. b5 Nb6 33. a5 Nc4 34. bxa6 Rxc6 35.
a7 Nxa5 36. Qa3 Ra6 37. Qc5 Nc4 38. Rg3 Ra2+ 39. Kg1 Bg2 40. Rxg2 Rxg2+ 41. Kxg2
Qe4+ 42. Kg3 Qe3+ 43. Kh4 Qf2+ 44. Kh5 Qf1 45. Qxd5 Qxh3# 0-1

[Event "AUTO-INT-3846"]
[Site "http://www.queenalice.com/game.php?id=1822837"]
[Date "2023.10.13"]
[Round "1"]
[White "kuntakinte"]
[Black "NeeneNY"]
[Result "1-0"]
[WhiteElo "1798"]
[BlackElo "1531"]

1. e4 e5 2. Nf3 d6 3. Bc4 Be6 4. Bd5 Bxd5 5. exd5 Nd7 6. O-O Qf6 7. Re1 O-O-O 8.
d3 Ne7 9. c4 Kb8 10. Nc3 Nc5 11. Bg5 Qg6 12. Ne4 Nxe4 13. Rxe4 Nf5 14. Bxd8 c5
15. dxc6 bxc6 16. Qb3+ Kc8 17. Bg5 h6 18. Be3 Nxe3 19. Rxe3 f6 20. Qa4 Kb7 21.
d4 Qh5 22. Rb3+ Ka8 23. Qxc6# 1-0